Dostlar meclisi (Record no. 2859)

MARC details
000 -BAŞLIK
Sabit Uzunlukta Kontrol Alanı 00669na a2200229 4500
001 - KONTROL NUMARASI
Denetim Alanı 14971
003 - KONTROL NUMARASI IDENTIFIER
Denetim Alanı MIRAKIL
005 - SON İŞLEM TARİHİ VE ZAMANI
Denetim Alanı 20181213154911.0
008 - SABİT-BOY VERİ ELEMANLARI - GENEL BİLGİLER
Sabit Uzunlukta Kontrol Alanı 161028b tu 000 0
040 ## - KATALOGLAMA KAYNAK
Orijinal Kataloglama Ajansı Milas
Kataloglama Dili tur
Metne Dönüştürmek Ajansı TR-AnCHP
041 ## - DİL KODU
Metin / Ses Parça Veya Ayrı Başlığın Dil Kodu tur
082 ## - DEWEY ONLU SINIFLANDIRMA NUMARASI
Sınıflandırma Numarası 923.3 Kameroğlu,K.
Ürün Numarası K25d 2009
090 ## - SINIFLAMA NUMARASI
Sınıflama Numarası 923.3 Kameroğlu,K. K25d 2009
100 ## - ANA GİRİŞ - KİŞİSEL İSİM
Kişisel Ad Kameroğlu, Kadir
245 ## - BAŞLIK TABLOSU
Başlık Dostlar meclisi
Başlığın Kalan Özyaşam öyküsü
Sorumluluk Tablosu, Vb Kadir Kameroğlu
246 ## - UNVAN FORM VARYING
Başlık Doğru / Kısa Başlığı Öz yaşamöyküsü
260 ## - YAYIN, DAĞITIM, VB
Yayın, Dağıtım, Vb Yeri İstanbul
Yayıncı, Dağıtıcı, Vs Adı Kadir Kameroğlu
Yayın, Dağıtım, Vb Tarihi 2009
300 ## - FİZİKSEL TANIM
Kapsam 463 s.
Diğer Fiziksel Ayrıntıları res.
Boyutlar 23 sm.
600 ## - KONU KATMA GİRİŞ - KURUMSAL ADI
Kişisel Ad Kameroğlu, Kadir
Bir Adıyla İlişkilendirilen Tarihler 1934-
Genel Alt Bölümü Anılar
651 ## - KONU KATMA GİRİŞ - COĞRAFİ ADI
Coğrafi İsim Çivril (Denizli)
Genel Alt Bölümü Anılar
942 ## - EKLENDİ GİRİŞ ELEMANLARI (KOHA)
Sınıflandırma Veya Raf Düzeni Kaynak Dewey Decimal Classification
Koha Öğesi Türü Books
999 ## - SİSTEM KONTROL NUMARALARI (KOHA)
Koha Biblionumber 2859
Koha Biblioitemnumber 2859
Holdings
Kalıcı Konum Mevcut Konum Edinme Tarihi Edinim Kaynak Toplam Check-Out'Lar Tam Çağrı Numarası Barkod Tarih Son Görülme İtibaren Geçerli Fiyatlar Koha Öğesi Türü
CHP Kütüphanesi CHP Kütüphanesi 09/02/2016 Bağış   923.3 Kameroğlu,K. K25d 2009 003218 09/02/2016 09/02/2016 Books